000
00284nam a2200109Ia 4500
008
190914s9999||||xx |||||||||||||| ||und||
100
_a
Mark Allen Weiss
245
0
_a
Data Structures and Algorithm Analysis in C + +
260
_a
USA
_b
McGraw Hill
_c
1998
300
_a
1180
942
_c
BK
999
_c
8429
_d
8429